Los papalagi (los hombres blancos) : discursos de Tuiavii de Tiavea, jefe samoano, tras su viaje a Europa /

Tuiavii transmite a través de estos discursos su sencilla sabiduría, con unas descripciones que tienen la ventaja de contemplar desde fuera nuestra civilización. Quizá fuera esta la primera vez que se hablaba de antiglobalización. Además, la cultura occidental se convierte aquí en objeto de estudio...

Full description

Bibliographic Details
Main Author: Tuiavii
Other Authors: Swarte, Joost (il.), Scheurmann, Erich (ed.)
Format: Libro
Language:Spanish
Published: Barcelona RBA 2008
Edition:5a. ed.
Subjects:
Online Access:

MARC

LEADER 00000cam a2200000 a 4500
001 004307
003 UAHC_CL
005 20170803120030.0
008 110801s2008 sp 000 spa
020 |a 8478714243 
040 |a UAHC_CL  |c UAHC_CL  |d UAHC_CL 
082 0 4 |a 303.482  |b T915  |2 20 
100 1 |a Tuiavii 
245 1 4 |a Los papalagi (los hombres blancos) :  |b discursos de Tuiavii de Tiavea, jefe samoano, tras su viaje a Europa /  |c reunidos por Erich Scheurmann ; con dibujos de Joost Swarte ; [traducción, Yolanda Rubiales]. 
250 |a 5a. ed. 
260 |b RBA  |a Barcelona  |c 2008 
300 |a 79 p. 
520 |a Tuiavii transmite a través de estos discursos su sencilla sabiduría, con unas descripciones que tienen la ventaja de contemplar desde fuera nuestra civilización. Quizá fuera esta la primera vez que se hablaba de antiglobalización. Además, la cultura occidental se convierte aquí en objeto de estudio por parte de un pueblo que no ha perdido el contacto con la naturaleza. Se trata pues de un documento inestimable, además de una obra enormemente divertida. 
521 |a Métodos y técnicas de trabajo de terreno 
650 4 |a GLOBALIZACION  |x ASPECTOS SOCIALES 
653 |a OB. ANTROPOLOGIA 
658 |a Varas, José 
700 1 |a Swarte, Joost  |e il. 
700 1 |a Scheurmann, Erich  |e ed. 
900 |a 303.482 TUI 
942 |c BK 
952 |0 0  |1 0  |4 0  |6 303_482000000000000_TUI  |7 0  |8 General  |9 9804  |a BC  |b BC  |c General  |d 2017-08-03  |l 0  |o 303.482 TUI  |p 1391743  |r 2026-01-13 00:00:00  |t 1  |w 2017-08-03  |y BK 
952 |0 0  |1 0  |4 0  |6 303_482000000000000_TUI  |7 0  |8 General  |9 9805  |a BC  |b BC  |c General  |d 2017-08-03  |l 0  |o 303.482 TUI  |p 1391744  |r 2026-01-13 00:00:00  |t 2  |w 2017-08-03  |y BK 
952 |0 0  |1 0  |4 0  |6 303_482000000000000_TUI  |7 0  |8 General  |9 9806  |a BC  |b BC  |c General  |d 2017-08-03  |l 0  |o 303.482 TUI  |p 1391745  |r 2026-01-13 00:00:00  |t 3  |w 2017-08-03  |y BK 
999 |c 4307  |d 4307